00553 2200217 4500001002100000005001500021035002000036007000300056008004100059020002200100082001100122084001700133100002100150245003400171260004500205300003000250650001900280990001200299990001200311990001200323INLIS00000000001755520241126030521 a0010-1124000020ta241126 c 1 ind  a978-979-22-6504-0 a808.83 a808.83 KEN l0 aKENNEDY, John W.1 aLucky Girl /cJohn W. Kennedy aJakarta :bGramedia Pustaka Utama,c2010 a52 hal. :bilus. ;c19 cm 4aCERITA FANTASI a12366 a a12366 b a12366 c